000 00581nam a2200169 a 4500
020 _a0851390617
082 0 0 _a720.68
_bGRE
_cL-39, P-65
100 1 _aGreen, Ronald,
_945730
245 1 4 _aThe architect's guide to running a job /
_cRonald Green ; with a foreword by Sir Hugh Casson.
250 _a4th ed.
260 _aLondon ;
_aBoston :
_bButterworth Architecture,
_cc1986
300 _aviii, 159 p. :
_bill. ;
_c24 cm.
526 _a0
_b0
_c0
_d720_680000000000000_GRE
650 0 _aArchitectural practice
_xHandbooks, manuals, etc.
_945731
650 0 _aMCE
_9379
942 _2ddc
_cBK
999 _c549189
_d549189